00780nam a22002057a 450000500170000001000150001702000260003203500140005803700130007208200080008510000150009324501320010826000250024027001300026530000490039550000120044470000370045670000350049370000460052820200910110908.0 aENG-128397 c449.00a9789353944650 aEN-111929 bDBAD/PUB a000 aMadan, KVS aNTA UGC NET/SET/JRF Teaching and Research Aptitude Paper 1/cby KVS Madan; edited by Ruchira Dash, Sharel Simon and Vipin Kumar aNoidabPearsonc2020 a15th floor,Tower-B,Word Trade Tower,Plot no.1,Block-C sec 16,bNoidae201301k04466540100mcompanysecretary.india@pearson.com axvi;Various pages.c25cm(pbk)bIllustrations aUGC NET aEditor Development- Ruchira Dash aEditor-Production- Vipin Kumar aSenior Editor- Acquisitions- Sharel Simon